| 000 | 00341 a2200109 4500 | ||
|---|---|---|---|
| 001 | ART_15587 | ||
| 005 | 20260410161735.0 | ||
| 008 | 260409a | ||
| 245 | 1 | 0 | _aPolíticas de ingresos en programas de estabilización |
| 100 | 1 | _aCarballo, Carlos | |
| 773 | 0 |
_tEjecutivos de finanzas _g- Año 6, Nº 50 (oct. 1988) _wREV2863 |
|
| 999 |
_c18238 _d18238 |
||